Normal view
MARC view
- الحياة الموسيقية-تاريخ الموسيقى في الاردن-موسيقى
Entry Topical Term
001 - CONTROL NUMBER
- control field: 48981
003 - CONTROL NUMBER IDENTIFIER
- control field: JO-AjAnu
005 - DATE AND TIME OF LATEST TRANSACTION
- control field: 20230606082056.0
008 - FIXED-LENGTH DATA ELEMENTS
- fixed length control field: 230606|| aca||aabn | a|a d
040 ## - CATALOGING SOURCE
- Original cataloging agency: JO-AjAnu
- Transcribing agency: JO-AjAnu
150 ## - HEADING--TOPICAL TERM
- Topical term or geographic name entry element: الحياة الموسيقية-تاريخ الموسيقى في الاردن-موسيقى
670 ## - SOURCE DATA FOUND
- Source citation: Work cat.: (JO-AjAnu)25053: حمام، عبد الحميد تأيف , author 48980, الحياة الموسيقية في الأردن في ثمانين عاماً 1921-2001